| 000 | 02495nam a2200433 c 4500 | ||
|---|---|---|---|
| 003 | BLK | ||
| 005 | 20250218102901.0 | ||
| 008 | 180413b bul|||||r ||||||| ||bul|| | ||
| 010 | _aKNG00029569000 | ||
| 020 |
_a954-405-075-2 _bиздат.: Музика - на том(ч. 2) |
||
| 040 | _aBLK | ||
| 041 |
_aBUL _cBUL |
||
| 080 |
_aИстория на музиката _b78.03 _x(4-15) _z78.03(4-15) |
||
| 700 | 1 |
_aБелтрандо-Патие, Мари-Клер _eпод ред. на _937965 |
|
| 700 | 1 |
_aБелтрандо-Патие, Мари-Клер _eавт. на том _937965 |
|
| 700 | 1 |
_aФилипова, Илка _eпрев. на том _9366185 |
|
| 700 | 1 |
_aБежанска, Мария _eпрев. на том _9269051 |
|
| 700 | 1 |
_aОнегер, Марк _eпредг. от _9269052 |
|
| 700 | 1 |
_aЯпова, Наташа Петрова _eпредг. от _9269053 |
|
| 139 |
_aИстория на музиката _bИ 95 |
||
| 245 | 1 | 0 |
_aИстория на музиката _bЗападноевроп. музика от Средновековието до днес : Ч. 1 - 2 _cпод ред. на Мари-Клер Белтрандо-Патие; авт. на том Мари-Клер Белтрандо-Патие; прев. на том Илка Филипова; прев. на том Мария Бежанска; предг. от Марк Онегер; предг. от Наташа Петрова Япова. _nЧ. 2 |
| 257 | _aFRA | ||
| 260 |
_аСофия _c1997 - _fЗа том: София : Силвия Русева |
||
| 300 | _c24 см | ||
| 380 | _a7 | ||
| 500 | _aОриг. загл. Historie de la musigue. - Офс. изд. | ||
| 650 | 4 |
_aМузика, западноевропейска - история _9269050 |
|
| 651 | 0 |
_aЗападна Европа _9243454 |
|
| 653 | _aистория на музиката | ||
| 653 | _aмузика | ||
| 653 | _aзападноевропейска музика | ||
| 760 | 1 |
_3- на том(ч. 2) _dМузика, 1999 _h352 с. : с ил., факс., ноти _nДруги авт. Г. Р. Маршал, Д. Пистон, С. Гут, Д. Този. - Съдържа и Библиогр. справка и музикални извори. - Именен показалец. _tЧ. 2 |
|
| 852 | _aЦб 195411 | ||
| 856 | 4 |
_qpdf _u |
|
| 856 | 4 |
_qpdf _u |
|
| 942 |
_cKNG _n0 _05 |
||
| 944 |
_aCR _c15.01.2003 _k30560 _lГеновева Генчева |
||
| 944 |
_aED _c26.06.2015 _kИрена_Линкова |
||
| 999 |
_c27001 _d27001 |
||